Ceserani and Kintos: The Theory of Catering (Record no. 3613)

MARC details
000 -LEADER
fixed length control field 00487nam a22001697a 4500
008 - FIXED-LENGTH DATA ELEMENTS--GENERAL INFORMATION
fixed length control field 250522b |||||||| |||| 00| 0 eng d
020 ## - INTERNATIONAL STANDARD BOOK NUMBER
ISBN 9780340939277
100 ## - MAIN ENTRY--AUTHOR
Author Foskett David
245 ## - TITLE STATEMENT
Title Ceserani and Kintos: The Theory of Catering
250 ## - EDITION STATEMENT
Edition statement Eleventh Edition
260 ## - PUBLICATION, DISTRIBUTION, ETC. (IMPRINT)
Place of publication London
Name of publisher Hodder Education
Date of publication 2007
300 ## - COLLATION
Pagination xi, 703p.
Other physical details illustration;
650 ## - TRACINGS
Main Subject Caterers and catering
Subdivision (1st) Food Service
700 ## - ADDITIONAL AUTHOR
Additional Author Ceserani Victor
942 ## - ADDED ENTRY ELEMENTS (KOHA)
Item type Books
050 ## - LIBRARY OF CONGRESS CALL NUMBER
Classification number TX943.K53
Item number .F67 2007
Holdings
Source of classification or shelving scheme Not for loan Permanent location Current location Date acquired Accession No. Full call number Barcode. Koha item type
Library of Congress Classification   Samuel Ogbemudia Main Library, University of Abuja Samuel Ogbemudia Main Library, University of Abuja 05/22/2025 2024/64467 TX943.K53.F67 2007 2025-2086 Books